La infancia de Ramón y Cajal
Gespeichert in:
| 1. Verfasser: | |
|---|---|
| Format: | keine Angabe |
| Sprache: | Spanisch |
| Erschienen: |
Madrid
Reus
1925
|
| Ausgabe: | 2º |
| Katalog: | MANES: Suchergebnis im Bibliothekskatalog |
| Schulbuchspezifische Eigenschaften: |
|
| Tags: |
Tag hinzufügen
Keine Tags, Fügen Sie den ersten Tag hinzu!
|
| Hinzugefügt zu: | 26.04.2016 |
MARC
| LEADER | 000000000a22000000004500 | ||
|---|---|---|---|
| 001 | 17960 | ||
| 003 | OSt | ||
| 008 | 160427s sp ||||| |||| 00| 0 spa d | ||
| 041 | 1 | |a spa | |
| 040 | |c centro_manes | ||
| 691 | 0 | |a SE | |
| 100 | 1 | |a Ramón y Cajal, S. |b Autor |9 12984 | |
| 245 | 0 | 0 | |a La infancia de Ramón y Cajal |
| 250 | |a 2º | ||
| 260 | 3 | |a Madrid |b Reus |c 1925 | |
| 300 | |a 145p |c 13 * 17 cm | ||
| 500 | |a ILUSTRACIONES: Contiene imágenes en blanco y negro. ENCUADERNACIÓN: Cartoné. DESCRIPCIÓN CONTENIDO: Relato de la infancia de Ramón y Cajal. PALABRAS CLAVE: Libro de lectura. NéMERO EJEMPLARES: 1. Nº TOPOGRÁFICO: 2438. CONSERVACIÓN: Buena. | ||
| 690 | 0 | |a HI | |
| 942 | |2 ddc |c BK | ||
| 546 | |a España | ||
| 999 | |c 23929 |d 23929 | ||
| 999 | |c manes:23929 |d 23929 | ||